| 000 | 00367nam a2200145Ia 4500 | ||
|---|---|---|---|
| 008 | 240624s9999 xx 000 0 und d | ||
| 041 | _aeng | ||
| 082 | _a510.2433 YAM | ||
| 100 | _aYAMANE TARO | ||
| 245 | _aMATHEMATICS FOR ECONOMISTS AN ELEMENTARY | ||
| 250 | _a(2nd ed.) | ||
| 260 |
_c2004 _aNew Delhi _bPrentice-Hall of India |
||
| 300 | _axvii, : 714 | ||
| 365 | _cRS | ||
| 999 |
_c553 _d553 |
||